000 00735nam a2200205 i 4500
001 134652
003 ES-MaACL
005 20230906194722.0
007 t|
008 070912s1959 sp ||||1| spa d
100 1 _aWiemers. Kurt.
_9116767
245 1 4 _aLas complicaciones precoces postoperatorias
_b: su tratamiento y prevención /
_cDoz. Dr. Kurt Wiemers y Dr. Ernst Kern ; prólogo del Prof. Dr. H. Krauss ; [traducción directa del alemán por el Dr. Luis Martín Sanz].
250 _a1ª ed.
260 _aMadrid :
_bAlhambra,
_c1959.
300 _aXVI, 288 p. ;
_c25 cm.
700 1 _aMartín Sanz, Luis.
_977656
700 1 _aKern, Ernst.
_967914
700 1 _aKrauss, H.
_968770
852 _aES-MaACL
_jC-17409
_bR.45586
999 _c134652
_d134652